00642nam a2200181 a 450000100100000000500170001000800410002704000250006808200160009310000210010924500940013026000460022430000280027050000590029870000190035770000220037671000620039800001614820200929164307.0100226s1985 dr a 001 0 spa d aDO-SdBNPbspacBNPHU axxxxbB269m1 aBarraza, Ernesto10aManual para proyectos de ayuda mutua /cErnesto Barraza, Edin Martinez, Raimundo Wegener. aSanto Domingo :bINVI,c1985.fQuiñones a244 p. :bil. ;c28 cm. aIncluye datos biográficos de los autores en (p. 246)1 aMartinez, Edin1 aWegener, Raimundo1 aInstituto Nacional de la Vivienda(República Dominicana)